Movie Posters #1 - Statistics

General Stats
  • This quiz has been taken 293 times
  • The average score is 13 of 16
Answer Stats
Picture Answer % Correct
Titanic
99%
Forrest Gump
98%
The Godfather
97%
The Matrix
94%
Gladiator
93%
Pulp Fiction
92%
The Dark Knight
90%
Saving Private Ryan
88%
The Silence of the Lambs
87%
Inception
79%
Good Will Hunting
78%
The Shawshank Redemption
76%
The Truman Show
75%
Braveheart
71%
The Usual Suspects
57%
The Prestige
43%
No matching quizzes found
Score Distribution
Percent of People with Each Score
Percentile by Number Answered
Your Score History
You have not taken this quiz